Sports Quiz

Random Sports or Football Quiz

Football League Clubs 2010-11 Quiz Stats

 Plays Quiz not verified by Sporcle

Support Sporcle.
Go Orange.
Score 0/93 Timer 12:00
0 Plays Today
Club % Correct
Arsenal
96.4%
Blackburn Rovers
96.4%
Chelsea
96.4%
Manchester United
96.4%
Aston Villa
94.5%
Bolton Wanderers
94.5%
Everton
94.5%
Liverpool
94.5%
Manchester City
94.5%
Newcastle United
94.5%
Sunderland
94.5%
Tottenham Hotspur
94.5%
West Bromwich Albion
94.5%
West Ham United
94.5%
Wigan Athletic
94.5%
Birmingham City
92.7%
Blackpool
92.7%
Fulham
92.7%
Wolverhampton Wanderers
92.7%
Leeds United
92.7%
Queens Park Rangers
92.7%
Stoke City
90.9%
Cardiff City
90.9%
Ipswich Town
90.9%
Norwich City
90.9%
Nottingham Forest
90.9%
Sheffield United
90.9%
Sheffield Wednesday
90.9%
Portsmouth
89.1%
Swansea City
89.1%
Derby County
87.3%
Club % Correct
Southampton
87.3%
Barnsley
85.5%
Middlesbrough
85.5%
Reading
85.5%
Bristol City
83.6%
Leicester City
83.6%
Preston North End
83.6%
Brighton & Hove Albion
83.6%
Notts County
83.6%
Burnley
81.8%
Bristol Rovers
81.8%
Yeovil Town
81.8%
Coventry City
80%
Crystal Palace
80%
Tranmere Rovers
78.2%
Bradford City
78.2%
AFC Bournemouth
76.4%
Exeter City
76.4%
Oldham Athletic
76.4%
Swindon Town
76.4%
Hull City
74.5%
Leyton Orient
74.5%
Plymouth Argyle
74.5%
Walsall
74.5%
Millwall
72.7%
Oxford United
72.7%
Southend United
72.7%
Charlton Athletic
70.9%
Dagenham & Redbridge
70.9%
Huddersfield Town
70.9%
Accrington Stanley
70.9%
Club % Correct
Doncaster Rovers
69.1%
Brentford
69.1%
Carlisle United
69.1%
Colchester United
69.1%
Peterborough United
69.1%
Chesterfield
69.1%
Port Vale
69.1%
Torquay United
69.1%
Wycombe Wanderers
69.1%
Hartlepool United
67.3%
Aldershot Town
67.3%
Gillingham
67.3%
Scunthorpe United
65.5%
Milton Keynes Dons
65.5%
Bury
65.5%
Crewe Alexandra
65.5%
Stockport County
65.5%
Watford
63.6%
Shrewsbury Town
63.6%
Rochdale
61.8%
Barnet
61.8%
Cheltenham Town
61.8%
Hereford United
61.8%
Macclesfield Town
60%
Northampton Town
60%
Rotherham United
58.2%
Lincoln City
56.4%
Morecambe
54.5%
Burton Albion
52.7%
Stevenage Borough
40%
3.6%

You're not logged in!

Compare scores with friends on all Sporcle quizzes.
OR
Log In

From the Vault

20th Century World Leaders II

by RHLI

The stress of being a world leader must be offset with the awesome hats they get to wear.
Remove Ads.
Support Sporcle.
Get the best of Sporcle when you Go Orange. This ad-free experience offers more features, more stats, and more fun while also helping to support Sporcle. Thank you for becoming a member.

Show Comments

Extras

Top Quizzes Today


Score Distribution

Your Account Isn't Verified!

In order to create a playlist on Sporcle, you need to verify the email address you used during registration. Go to your Sporcle Settings to finish the process.

Report this User

Report this user for behavior that violates our Community Guidelines.

Details: